Discographie So La Lune - Statistiques

Statistiques générales
  • Ce quiz a été pris 150 fois
    99 depuis la dernière actualisation
  • Le résultat moyen est 71 sur 180
Statistiques - réponses
Hint Réponse % Correct
Orbite Rodé
83%
2ème Faille (Silfra) Tsukithèse
81%
Orbite Bonhomme de neige
78%
Fissure de vie Interlune
72%
2ème Faille (Silfra) Eternelle
69%
Fissure de vie Soleil mourant
69%
1ère Faille (L'Afar) Afar
67%
Fissure de vie Guérison
67%
Wilma Numéro 11
67%
Fissure de vie Outrône
67%
3ème Faille (San Andreas) CM2
64%
Fissure de vie Eternelle 2
64%
Nouveau Produit Isolé
64%
Tsuki Balade
61%
Fissure de vie Fin heureuse
61%
Fissure de vie Nouveaux pirates
61%
Fissure de vie Dona
58%
Nouveau Produit Luc Besson
58%
L'enfant de la pluie OP
58%
L'enfant de la pluie Opening
58%
27/05/22 Sébastien & Kader
58%
Théia Seven Up
58%
L'enfant de la pluie Au BPM
56%
Fissure de vie Déconnecté
56%
feat. Djado Mado La Lune
56%
feat. 8ruki, Binks Beatz LUNE
56%
3ème Faille (San Andreas) Pacifique
56%
Fissure de vie Range Ro
56%
L'enfant de la pluie Sali
56%
L'enfant de la pluie Suspects
56%
Wilma Arkham
53%
Nouveau Produit Ca ira
53%
2ème Faille (Silfra) Copine
53%
27/05/22 Elvira
53%
Singles Fissure de vie 23
53%
Kenna L'averse
53%
Tsuki Shinobi
53%
Satellite naturel Sorcier
53%
L'enfant de la pluie 99 avenue
50%
1ère Faille (L'Afar) Biberon
50%
Satellite naturel Diagnostic
50%
Fissure de vie En bas
50%
L'enfant de la pluie Les toits de la ville
50%
Nouveau Produit Motor
50%
Nouveau Produit Nouveau produit
50%
L'enfant de la pluie Parfum automne
50%
2ème Faille (Silfra) Rob Lucci
50%
NUMERO 11 TITULAIRE
50%
Kenna Un peu de moi
50%
Nouveau Produit Albator II
47%
Singles Billy
47%
Nouveau Produit C-11
47%
Nouveau Produit Full Piège
47%
3ème Faille (San Andreas) Gina
47%
Nouveau Produit Journal
47%
Apollo 11 Keh lanta
47%
L'enfant de la pluie L'Allemande
47%
Nouveau Produit Le Masque
47%
Théia Lune city
47%
1ère Faille (L'Afar) Promesse
47%
L'enfant de la pluie Remontada
47%
Nouveau Produit Tout le temps
47%
Nouveau Produit 30 secondes
44%
L'enfant de la pluie Bip bip
44%
feat. Elh Kmer Céline
44%
Kenna Gepetto
44%
Wilma L'âme
44%
NUMERO 11 MAL DE MER
44%
Fissure de vie Nicki
44%
1ère Faille (L'Afar) Outro Miroir
44%
feat. SCH Transmission automatique
44%
Fissure de vie Vide
44%
L'enfant de la pluie 10 Hummers
42%
Fissure de vie 2 i
42%
NUMERO 11 3 FOIS X OU SANTANA
42%
Singles Abeille 20
42%
NUMERO 11 A DIX COULEURS
42%
Nouveau Produit Bendo Toute La Nuit
42%
feat. Houdi DALIDA
42%
feat. Favé Favéla
42%
Théia I8
42%
L'enfant de la pluie Interlude : Froide l'averse
42%
Tsuki La bête
42%
Wilma La pierre
42%
L'enfant de la pluie Le dernier maître de l'eau
42%
Apollo 11 Maitre nageur
42%
Nouveau Produit Odéon
42%
Fissure de vie Péché
42%
L'enfant de la pluie Perte de temps
42%
L'enfant de la pluie Sales images
42%
NUMERO 11 SA TEILLE SON J
42%
L'enfant de la pluie Triste temps
42%
L'enfant de la pluie Un jour d'été
42%
Kenna Vie d'avant
42%
Tsuki Alicante
39%
Orbite Goût vanille
39%
3ème Faille (San Andreas) Kitsu
39%
feat. Lujipeka Lala
39%
Nomades Le Film
39%
Fissure de vie Medellin
39%
Orbite Mission
39%
Wilma Océan
39%
Nouveau Produit STDM
39%
Tsuki 6 sens
36%
Apollo 11 Au bélier
36%
feat. Aketo Bougie
36%
Satellite naturel CLM
36%
feat. WINNTERZUKO, Realo LA RUCHE
36%
Tsuki Oulalala
36%
2ème Faille (Silfra) Sortilège
36%
feat. Kyana Tout recommencer
36%
feat. Bakari BakaTsuki
33%
feat. Caballero & JeanJass Béatrice
33%
feat. Zamdane Boboalam
33%
Théia Cout d'éclat
33%
27/05/22 Dernier remord
33%
feat. Raplume Freestyle Raplune
33%
Satellite naturel Malade
33%
feat. Mahdi Ba Néant
33%
Théia Podium
33%
Tsuki Seigneur
33%
Kenna Si ça compte
33%
feat. Raplume, Beendo Z Titanic
33%
Apollo 11 Tsukito
33%
Satellite naturel Bonheur
31%
feat. Elh Kmer Jardin
31%
feat. Yung Poor Alo Le nom du film
31%
1ère Faille (L'Afar) Montana
31%
Orbite Saga tome 1
31%
3ème Faille (San Andreas) Santé
31%
Apollo 11 Séquelles
31%
feat. Ghost Killer Track Smile :(
31%
Singles Un tour
31%
Singles Aqua 15
28%
Tsuki Deux vies
28%
Tsuki Envieux
28%
Nomades Pandémie
28%
Tsuki Quotidien
28%
Tsuki Raptus
28%
Nomades Sérum
28%
Singles SOS
28%
feat. zaky Stamina
28%
feat. Elh Kmer 5000 otages
25%
L'enfant de la pluie Bloqué
25%
Singles Freestyle 2ème faille
25%
Singles Freestyle Theia
25%
feat. Moha MMZ Plage Vendôme
25%
Nomades Retour de Flamme
25%
Nomades Sourire Fantôme
25%
feat. Cheu-B TsuSky
25%
feat. Saamou Vision
25%
feat. Rouge Carmin Enfants perdus
22%
Singles Freestyle 12TUSKI8NICHI
22%
Singles Freestyle 1ère faille
22%
feat. Slkrack Hennessy
22%
feat. Roshi Loup
22%
feat. Sazamyzy, Osirus Jack REBEL MOON
22%
feat. Rouge Carmin Sirène 18
22%
feat. PUSH & GIO SOLIDE
22%
feat. Jok'Air Allons faire la fête on va mourir
19%
feat. MEGA, Au6i Berger
19%
Singles Freestyle Apollo 11
19%
feat. Rvzmo Kiri Village
19%
feat. Enima Perdu
19%
feat. 99, Wolfkid, thaHomey Preach
19%
feat. Binks Beatz Sous le ciel
19%
feat. Sely, VRSA sports + métaux
19%
feat. DukeMobb Pression
17%
feat. OldPee Tranquille
17%
feat.Zzzucci, Rouge Carmin Anakin
14%
feat. Léone BILLET DE 5
14%
feat. i300 Tsuki300
14%
feat. Afro S Lundi lundi
11%
feat. Savage Toddy M'y revoilà
11%
feat. Nallas Skyfall
11%
feat. Rozzy Bell
8%
feat. Djalito Idées noires
8%
feat.Zzzucci Kimono
8%
feat. Zoomy, abel31 Link Up
8%
feat. RHVIM Aquilon
3%
Aucun quiz correspondant
Distribution des résultats
% des personnes avec chaque résultat
Percentile par nombre de réponses
Votre historique - résultats
Vous n’avez pas pris ce quiz depuis la dernière actualisation